| 000 | 00850nam a22002297a 4500 | ||
|---|---|---|---|
| 005 | 20121207115319.0 | ||
| 008 | 121207t xxu||||| |||| 00| 0 eng d | ||
| 010 | _aENG-106280 | ||
| 020 |
_a9788184841640 _c880.00 |
||
| 035 | _aEN-89813 | ||
| 037 | _bDBAD/PUB | ||
| 040 |
_aDPL _bEng |
||
| 082 | _a006.76 | ||
| 100 |
_954009 _aBalasubramanian, P. |
||
| 245 |
_aWeb technologies in library and information science / _cby P. Balasubramanian |
||
| 260 |
_aNew Delhi _bRegal Publications _c2012 |
||
| 270 |
_aF-159 Rajouri Garden _bNew Delhi _e110027 |
||
| 300 |
_axv,237p. _c23cm(Hb) |
||
| 500 | _aIncludes bibliographical references and index | ||
| 942 |
_2ddc _cEN _mBAL _h006.76 |
||
| 999 |
_c71935 _d71935 |
||